Word Ladder: Fuel Jewel Quiz Stats

Quiz Updated Aug 21, 2015

Challenge
Share
Tweet
Embed
Score 0/18 Timer 02:00
1 Play Today
Hint 4-Letter Word % Correct
 Something to wear when it's cold COAT
98.7%
 Water-filled ditch that protects a castle MOAT
97.9%
♦♢♦ Solid carbon-based fossil fuel ♦♢♦ ◈ COAL ◈
97%
 Bright green citrus fruit LIME
94.8%
♦♢♦ Increase temperature ♦♢♦ ◈ HEAT ◈
94.7%
 Muscle tissue as a food MEAT
94%
 Heavy metal formerly used in paint LEAD
93.9%
 Moisten with the tongue LICK
93.7%
 It's opened with a key LOCK
93.4%
Hint 4-Letter Word % Correct
♦♢♦ Year, Decade, or Eon (e.g.) ♦♢♦◈ TIME ◈
92.3%
 What nits grow into if not picked LICE
91.4%
 Anterior end of an organism HEAD
90.4%
 Ripped open (as an envelope) TORE
86.4%
 Large book volume TOME
85.9%
♦♢♦ An engagement jewel (slang) ♦♢♦◈ ROCK ◈
83.3%
 Oral history and stories of an area LORE
82.8%
 Titled peer of the realm LORD
77.9%
♦♢♦ Pressure or weighty mass ♦♢♦ ◈ LOAD ◈
77.9%

Today's Daily Dose

You're not logged in!

Compare scores with friends on all Sporcle quizzes.
Sign Up with Email
OR
Log In

You Might Also Like...

Show Comments

Extras

Top Quizzes Today


Score Distribution

Your Account Isn't Verified!

In order to create a playlist on Sporcle, you need to verify the email address you used during registration. Go to your Sporcle Settings to finish the process.